PRIMER ON THE RHEUMATIC DISEASES (Record no. 21297)

MARC details
000 -LEADER
fixed length control field 00436nam a22001697a 4500
003 - CONTROL NUMBER IDENTIFIER
control field OSt
005 - DATE AND TIME OF LATEST TRANSACTION
control field 20211203100829.0
008 - FIXED-LENGTH DATA ELEMENTS--GENERAL INFORMATION
fixed length control field 211203b |||||||| |||| 00| 0 eng d
020 ## - INTERNATIONAL STANDARD BOOK NUMBER
International Standard Book Number 0-912423-29-3
040 ## - CATALOGING SOURCE
Original cataloging agency DDC
Transcribing agency HU
082 ## - DEWEY DECIMAL CLASSIFICATION NUMBER
Edition number 12TH
Classification number 616.127
Item number 1
100 ## - MAIN ENTRY--PERSONAL NAME
Personal name KLIPPEL JOHN H.
9 (RLIN) 21640
245 ## - TITLE STATEMENT
Title PRIMER ON THE RHEUMATIC DISEASES
250 ## - EDITION STATEMENT
Edition statement 12TH
260 ## - PUBLICATION, DISTRIBUTION, ETC.
Place of publication, distribution, etc. ATLANTA
Name of publisher, distributor, etc. THE ARTHRITIS FOUNDATION
Date of publication, distribution, etc. 2001
942 ## - ADDED ENTRY ELEMENTS (KOHA)
Source of classification or shelving scheme Dewey Decimal Classification
Koha item type Books like text book referance book
Suppress in OPAC No
Holdings
Withdrawn status Lost status Source of classification or shelving scheme Damaged status Not for loan Home library Current library Date acquired Total Checkouts Full call number Barcode Date last seen Copy number Price effective from Koha item type
    Dewey Decimal Classification     College of Medicine and Health’s Sciences Library College of Medicine and Health’s Sciences Library 12/03/2021   616.127-2001 CMHSL00006829 12/03/2021 1 12/03/2021 Books like text book referance book